Statistiques concernant QCM Guerre de Cent Ans.

Cliquez ici pour prendre le quiz!

Statistiques générales

  • Ce quiz a été pris 527 fois
  • Le résultat moyen est 8 sur 10

Statistiques - réponses

QuestionRéponse% Correct
Combien de temps le Guerre de Cent Ans a-t-elle réellement duré?116 ans
93%
De quelle ville Jeanne d'Arc leva-t-elle le siège?Orléans
89%
Dans quelle ville fut exécutée Jeanne d'Arc?Rouen
85%
Au cours de quelle bataille la chevalerie française fut-elle complètement décimée?Azincourt
80%
Quelles sont ses dates?1337-1453
77%
Quels sont les deux dynasties qui s'y affrontèrent?Valois vs Plantagenêt
75%
Quels était les rois de France et d'Angleterre au début du conflit?Philippe VI et Edouard III
73%
A la fin?Charles VII et Henri VI
70%
Quel connétable de France remporta de nombreuses victoires contre les anglais au cours de la deuxième moitié du XIVe siècle?Bertrand du Guesclin
61%
A quelle date a-elle eu lieu?En 1415
58%

Distribution des résultats

Percentile par nombre de réponses

% des personnes avec chaque résultat

Votre développement - résultats

Vous n’avez pas pris ce quiz